Matemática 6

Kaydedildi:
Detaylı Bibliyografya
Asıl Yazarlar: Lillo Troncoso, María Ludovisa (autora), Heras Karl, Rodrigo E. de las (Yazar)
Materyal Türü: Kitap
Dil:İspanyolca
Baskı/Yayın Bilgisi: Santiago Santillana 1989
Konular:
Etiketler: Etiketle
Etiket eklenmemiş, İlk siz ekleyin!

MARC

LEADER 00000nam a2200000 a 4500
001 UCW5370
003 CL-VaPUC
008 910410e19890000CL |||||||||||||||||spa|d
082 0 4 |a 372.7  |b LIL  |2 21 
100 |a Lillo Troncoso, María Ludovisa  |e autora  |9 350939 
700 |a Heras Karl, Rodrigo E. de las  |e author  |9 541891 
245 1 0 |a Matemática 6 
300 |a 144 p 
942 |c BK 
945 |d 19910410 00:00:00 
260 |a Santiago  |b Santillana  |c 1989 
650 0 |a Matemática  |9 260235 
650 7 |a LIBROS DE TEXTOS  |2 CL-VaPUC  |9 310319 
583 |a last modification  |c 19910410 00:00:00  |k Rodrigo Vera 
999 |c 218826  |d 218824 
952 |0 0  |1 0  |4 0  |6 372_700000000000000_LIL_1989  |7 0  |8 P  |9 209011  |a BIBEDU  |b BIBEDU  |c BIBEDU_PB  |d 2019-11-15  |i 2768038  |o 372.7 LIL 1989  |p 2768038  |r 2024-01-25  |w 2019-11-15  |y BK  |k EDU